000 00422nam a2200169Ia 4500
008 230711s9999||||xx |||||||||||||| ||und||
020 _a978-81259-3128-7
041 _aENG
082 _a547
_bVI-A
100 _aVishnoi,N.K
245 0 _aAdvanced Practical Organic Chemistry
250 _a3rd Ed.
260 _c2018
_aNew Delhi
_bVikas Publishing House Pvt Ltd.
300 _a536p.
650 _aChemistry
942 _cBK
999 _c7264
_d7264